Scottish Enterprise (Record no. 120792)

MARC details
000 -LEADER
fixed length control field 00843cai a22001815a 4500
001 - CONTROL NUMBER
control field L147485
008 - FIXED-LENGTH DATA ELEMENTS--GENERAL INFORMATION
fixed length control field 090515u xxk g 000 0 eng d
035 ## - SYSTEM CONTROL NUMBER
System control number (Sirsi) u147485
041 0# - LANGUAGE CODE
Language code of text/sound track or separate title eng
110 2# - MAIN ENTRY--CORPORATE NAME
Corporate name or jurisdiction name as entry element Scottish Enterprise
9 (RLIN) 2731
245 00 - TITLE STATEMENT
Title Scottish Enterprise
Medium [electronic resource]
520 ## - SUMMARY, ETC.
Summary, etc. Website for this organisation which offers advice and support to those wishing to start or grow a business. Particularly focuses on the energy, life sciences, tourism, financial services, food and drink, and digital markets and enabling technologies markets. Also offers information on investment opportunities.
590 ## - LOCAL NOTE (RLIN)
Local note KA
651 #4 - SUBJECT ADDED ENTRY--GEOGRAPHIC NAME
Geographic name Scotland
Chronological subdivision 1999-
690 ## - LOCAL SUBJECT ADDED ENTRY--TOPICAL TERM (OCLC, RLIN)
Topical term or geographic name as entry element MANAGEMENT-BUSINESS MANAGEMENT
856 40 - ELECTRONIC LOCATION AND ACCESS
Uniform Resource Identifier <a href="https://www.scottish-enterprise.com/">https://www.scottish-enterprise.com/</a>
Public note View the website free of charge at www.scottish-enterprise.com...
942 ## - ADDED ENTRY ELEMENTS (KOHA)
Suppress in OPAC 0
Holdings
Withdrawn status Lost status Source of classification or shelving scheme Damaged status Not for loan Home library Current library Shelving location Date acquired Total Checkouts Full call number Barcode Date last seen Copy number Price effective from Koha item type
    Dewey Decimal Classification     Virtual Virtual Online 15/05/2009   WEBSITE 147485-2001 06/08/2019 1 06/08/2019 Online material